Click the Provinces of Canada on a Map - Statistics

General Stats
  • This quiz has been taken 102 times
  • The average score is 11 of 13
Answers on the Map
Answers color-coded by a green-red scale on the quiz's map according to % correct below.
 
Answer Stats
Answer % Correct
Ontario
95%
Quebec
93%
Prince Edward Island
91%
British Columbia
89%
Alberta
86%
Newfoundland and Labrador
86%
Northwest Territories
84%
Nunavut
84%
New Brunswick
82%
Yukon
80%
Saskatchewan
73%
Manitoba
70%
Nova Scotia
70%
No matching quizzes found
Score Distribution
Percent of People with Each Score
Percentile by Number Answered
Your Score History
You have not taken this quiz